Movies Quiz

Random Movies or Disney Quiz

Disney Sidekicks II Quiz Stats

 Plays Quiz Updated Apr 19, 2020

     
Support Sporcle.
Go Orange.
Score 0/25 Timer 06:00
3 Plays Today
Sidekick % Correct
Tigger
98.4%
Magic Carpet
88.3%
Donald Duck
87.1%
Sebastian
85.3%
Flounder
85%
Baloo
78.4%
Chip
75.2%
Pumbaa
73.9%
Rafiki
71.4%
Zazu
68.1%
Flower
67.9%
Lumiere
65.4%
Dug
58.9%
Sidekick % Correct
Kronk
58.7%
Sven
56.9%
Meeko
47.2%
Pain & Panic
45.1%
Philoctetes
41.4%
Pascal
37%
Sir Hiss
34.9%
Jasper & Horace Badun
28.2%
Tantor
26.3%
Big Mama
22.4%
Hugo, Victor & Laverne
18.9%
Evinrude
12.9%

From the Vault

Directors by Their First Film

by Jeff_W

Movies 7m
They're just getting that director's megaphone broken in.
Remove Ads.
Support Sporcle.
Get the best of Sporcle when you Go Orange. This ad-free experience offers more features, more stats, and more fun while also helping to support Sporcle. Thank you for becoming a member.

Show Comments

Extras

Top Quizzes Today


Score Distribution

Your Account Isn't Verified!

In order to create a playlist on Sporcle, you need to verify the email address you used during registration. Go to your Sporcle Settings to finish the process.

Report this User

Report this user for behavior that violates our Community Guidelines.

Details: